The responsible church and the foreign mission / (Record no. 1796)
[ view plain ]
| 000 -LEADER | |
|---|---|
| fixed length control field | 00962cam a22002891a 4500 |
| 001 - CONTROL NUMBER | |
| control field | 6115571 |
| 003 - CONTROL NUMBER IDENTIFIER | |
| control field | GBCCL |
| 005 - DATE AND TIME OF LATEST TRANSACTION | |
| control field | 20241126110409.0 |
| 008 - FIXED-LENGTH DATA ELEMENTS--GENERAL INFORMATION | |
| fixed length control field | 831121s1964 enk 000 0 eng |
| 010 ## - | |
| -- | 64056878 |
| 015 ## - | |
| -- | GB64-8705 |
| 035 ## - SYSTEM CONTROL NUMBER | |
| System control number | (OCoLC)10151701 |
| 040 ## - CATALOGING SOURCE | |
| Original cataloging agency | DLC |
| Transcribing agency | GAUC |
| Modifying agency | Uk |
| -- | DLC |
| 042 ## - | |
| -- | premarc |
| 050 00 - | |
| -- | BV2082.I5 |
| -- | B43 1964a |
| 082 ## - DEWEY DECIMAL CLASSIFICATION NUMBER | |
| Classification number | 266.023 |
| Item number | BEY |
| 100 1# - MAIN ENTRY--PERSONAL NAME | |
| Personal name | Beyerhaus, Peter. |
| 9 (RLIN) | 3721 |
| 245 14 - TITLE STATEMENT | |
| Title | The responsible church and the foreign mission / |
| Statement of responsibility, etc. | by Peter Beyerhaus and Henry Lefever. |
| 260 ## - PUBLICATION, DISTRIBUTION, ETC. | |
| Place of publication, distribution, etc. | London : |
| Name of publisher, distributor, etc. | World Dominion Press, |
| Date of publication, distribution, etc. | 1964. |
| 300 ## - PHYSICAL DESCRIPTION | |
| Extent | 199 p. |
| Dimensions | 22 cm. |
| 500 ## - GENERAL NOTE | |
| General note | "Based on Die Selbständigkeit der jungen Kirchen als missionarisches Problem by Peter Beyerhaus." |
| 504 ## - BIBLIOGRAPHY, ETC. NOTE | |
| Bibliography, etc. note | Bibliography: p. 193-195. |
| 650 #0 - SUBJECT ADDED ENTRY--TOPICAL TERM | |
| Topical term or geographic name entry element | Indigenous church administration. |
| 9 (RLIN) | 3722 |
| 700 1# - ADDED ENTRY--PERSONAL NAME | |
| Personal name | Lefever, Henry Charles, |
| Dates associated with a name | 1906- |
| 9 (RLIN) | 3723 |
| 906 ## - LOCAL DATA ELEMENT F, LDF (RLIN) | |
| a | 7 |
| b | cbc |
| c | oclcrpl |
| d | u |
| e | ncip |
| f | 19 |
| g | y-gencatlg |
| 942 ## - ADDED ENTRY ELEMENTS (KOHA) | |
| Source of classification or shelving scheme | Dewey Decimal Classification |
| Koha item type | Books |
| Withdrawn status | Lost status | Source of classification or shelving scheme | Damaged status | Not for loan | Home library | Current Library | Shelving location | Date acquired | Total checkouts | Full call number | Barcode | Date last seen | Copy number | Price effective from | Koha item type |
|---|---|---|---|---|---|---|---|---|---|---|---|---|---|---|---|
| Dewey Decimal Classification | GRACE BIBLE COLLEGE | GRACE BIBLE COLLEGE | Ministry & Mission | 2017-05-25 | 266.023 BEY | 002020 | 2025-05-01 | c.1 | 2017-05-25 | Books |